Ekonomický rast a rozvoj ako svetový fenomén bakalárska práca

Gespeichert in:
Bibliographische Detailangaben
1. Verfasser: Valačai, Peter, 1989-
Körperschaft: Fakulta medzinárodných vzťahov EU. Katedra medzinárodných ekonomických vzťahov a hospodárskej diplomacie
Weitere Verfasser: Dudáš, Tomáš, 1976-
Format: Buch
Sprache:Slowakisch
Veröffentlicht: Bratislava 2011
Tags: Tag hinzufügen
Keine Tags, Fügen Sie das erste Tag hinzu!

MARC

LEADER 00000nbm a2200000 4500
001 0131112
005 20161109111409.3
041 0 |a slo 
044 |a SK 
245 1 0 |a Ekonomický rast a rozvoj ako svetový fenomén  |b bakalárska práca  |c Peter Valačai ; školiteľ: Tomáš Dudáš 
264 1 |a Bratislava  |c 2011 
300 |a 41 s. 
100 1 |a Valačai, Peter, 1989- 
700 1 |a Dudáš, Tomáš, 1976- 
710 2 |a Fakulta medzinárodných vzťahov EU. Katedra medzinárodných ekonomických vzťahov a hospodárskej diplomacie